| 000 | 00504nam a2200181 a 4500 | ||
|---|---|---|---|
| 005 | 20140310183432.0 | ||
| 008 | 080109s19uu xx 00 eng d | ||
| 020 | _a817391950X | ||
| 050 |
_aG 155 _b.Sh531 2007 |
||
| 100 | _aSharma, Shashi Prabha. | ||
| 245 |
_aTourism and environment / _bconcepts, principles and approaches. |
||
| 260 |
_aNew Delhi : _bKAnishka Publishers, _c2007. |
||
| 300 |
_a400 p. : _c20 cm. |
||
| 521 | _aTOU | ||
| 650 | _aTourism. | ||
| 942 |
_cBK _2lcc _kFOR |
||
| 999 |
_c22751 _d22751 |
||